=LDR 00000nam 2200000 4500 =001 NUTBA000000000004822 =005 20141008151728.0 =006 =007 =008 =020 ##$$a 978-602-764-155-6 =035 ##$$a 0010-101400000000052 =082 ##$$a 297.23 =100 ##$$a zaim.M =245 ##$$a ada surga di wajah ibu =250 ##$$a Cet. 1 =260 ##$$a jogyakarta $b diva press $c 2012 =300 ##$$a 174 hlm $c 20 cm =700 ##$$a NBPNMAT =990 ##$$a 0001/BPAP-NTB/20142014